Introduction to the Quran (Record no. 193685)
[ view plain ]
| 000 -LEADER | |
|---|---|
| fixed length control field | 00743 a2200169 4500 |
| 003 - CONTROL NUMBER IDENTIFIER | |
| control field | Nust |
| 005 - DATE AND TIME OF LATEST TRANSACTION | |
| control field | 20221227124137.0 |
| 040 ## - CATALOGING SOURCE | |
| Transcribing agency | Nust |
| 082 ## - DEWEY DECIMAL CLASSIFICATION NUMBER | |
| Classification number | 297.122, BEL |
| 100 ## - MAIN ENTRY--PERSONAL NAME | |
| Personal name | Richard Bell |
| 9 (RLIN) | 106036 |
| 245 ## - TITLE STATEMENT | |
| Title | Introduction to the Quran |
| Statement of responsibility, etc. | Richard Bell |
| 260 ## - PUBLICATION, DISTRIBUTION, ETC. | |
| Place of publication, distribution, etc. | Canda |
| Name of publisher, distributor, etc. | The edinburch universty press |
| Date of publication, distribution, etc. | 1958 |
| 300 ## - PHYSICAL DESCRIPTION | |
| Extent | viii,190 p.; |
| 505 ## - FORMATTED CONTENTS NOTE | |
| Formatted contents note | The Historical Situation And Muhammad (Page-)1, The Origin Of Quran (Page-37), The Form Of The Quran (Page-51), The Structure And Style Of Quran (Page-67), The Compilation Of The Surahs (Page-82), The Chronological Order Of The Quran (Page-100), Stages In The Growth Of The Quran (Page-115), Contents And Sources Of The Quran (Page-139). |
| 650 ## - SUBJECT ADDED ENTRY--TOPICAL TERM | |
| Topical term or geographic name entry element | Quran |
| 9 (RLIN) | 104355 |
| 942 ## - ADDED ENTRY ELEMENTS (KOHA) | |
| Source of classification or shelving scheme | |
| Koha item type | Book |
| Withdrawn status | Lost status | Source of classification or shelving scheme | Damaged status | Not for loan | Permanent Location | Current Location | Shelving location | Date acquired | Full call number | Barcode | Date last seen | Price effective from | Koha item type | Public note |
|---|---|---|---|---|---|---|---|---|---|---|---|---|---|---|
| Military College of Signals (MCS) | Military College of Signals (MCS) | General Stacks | 12/12/2016 | 297.122,BEL | MCS29618 | 12/08/2016 | 12/12/2016 | Book | Almirah No.47, Shelf No.2 |
